000 01595nam a2200313 a 4500
001 000046135
003 DO-SdBPM
005 20250915132616.0
007 ta
008 150625s2011 dr ac 000 0 spa d
020 _a9789945074338
040 _aDO-SdBPM
_bspa
_cBPMSU
_erda
_d
082 4 _aR027.7293
_bF316a 2011
_222
100 1 _aFeliz Lafontaine, Ana
_eautor
245 1 0 _aArchivo General de la Nación :
_bguía breve /
_ctexto Ana Feliz Lafontaine, Raymundo González.
_h
264 _aSanto Domingo :
_bArchivo General de la Nación,
_c2011.
300 _a97 páginas :
_bilustraciones retrs. ;
_c22 cm.
336 _atexto
_btxt
_2rdacontent
337 _asin mediación
_bn
_2rdamedia
338 _avolumen
_bnc
_2rdacarrier
490 0 _aReferencias,
_v1
500 _aIncluye referencias bibliográficas y notas al pie de las páginas.
505 0 _aEl Archivo. -- Breve historia archivística, 11.-- Marco social de creación del AGN, 29.-- Servicios, 34.-- Fondos documentales. -- Grupo de fondos de origen público, 41.-- Fondos de origen privado, 45.-- Colecciones, 45.-- Cuadro de organización y clasificación, 49.-- Fondos de origen público, 53.-- Fondos de origen privado, 57.-- Fondos fototeca, mapoteca y audiovisuales, 58.-- Anexo. Relación de los instrumentos de referencia correspondientes a los fondos existentes en el AGN, 71.
590 _aInventariado, 2025/VM
610 2 7 _aArchivo General de la Nación
_zRepública Dominicana
_vGuías
700 1 _aGonzález. Raymundo
_eautor
910 _aVMateo V. Control de calidad. BPMSU
942 _2ddc
_cBK
999 _c15394
_d15394